000 01574nam a2200265 i 4500
003 DO-SdBNP
005 20240710120057.0
007 ta
008 240710b2010 xxu 00| 0 spa d
020 _a9780553386813
020 _a9780307576200 (eBook)
040 _aDO-SdBNP
_bspa
_cBNPHU
_erda
082 4 _222
_bG869
100 _aGrisham, John,
_d1955-
_910906
_eautor
245 1 0 _aFord county :
_bstories /
_cJohn Grisham
264 _aNew York, Estados Unidos :
_bBantam books trade paperbacks,
_c2010.
300 _a324 páginas :
_c21 cm.
336 _2rdacontent
_atexto
_btxt
337 _2rdamedia
_asin mediación
_bnc
338 _2rdacarrier
_avolumen
_bnc
520 _aCondado de Ford. El corazón del sur profundo de Estados Unidos. Un lugar de dura belleza, de sueños rotos y deseos finales. Del legendario autor de thrillers legales John Grisham llega una colección única de historias conectadas por la vida y los crímenes del condado de Ford. Desde un abogado de divorcios oprimido y bebedor que busca dinero, hasta un preso manipulador condenado a muerte con una última súplica, el condado de Ford presenta un vívido elenco de abogados, delincuentes, estafadores y convictos. De sus historias emerge una rica imagen de las vidas vividas y perdidas en Mississippi. Completamente apasionante, frecuentemente conmovedora y siempre entretenida, Ford County rebosa la misma calidad de pasar página y el mismo drama conmovedor de sus bestsellers anteriores.
590 _aInventariado, 2024/ YL
910 _aYlockward
942 _2ddc
_cLBS1
999 _c57241
_d57241